| 000 -LEADER |
| fixed length control field |
03298nam a2200265 4500 |
| 020 ## - INTERNATIONAL STANDARD BOOK NUMBER |
| International Standard Book Number |
1506297382 |
| 040 ## - CATALOGING SOURCE |
| Transcribing agency |
PAK- NSHS NUST |
| 082 00 - DEWEY DECIMAL CLASSIFICATION NUMBER |
| Classification number |
572.076 |
| Author Mark |
KAP |
| 100 1# - MAIN ENTRY--PERSONAL NAME |
| Personal name |
Kaplan Test Prep |
| 9 (RLIN) |
134332 |
| 110 ## - MAIN ENTRY--CORPORATE NAME |
| Corporate name or jurisdiction name as entry element |
Kaplan Test Prep |
| 9 (RLIN) |
134333 |
| 245 ## - TITLE STATEMENT |
| Title |
MCAT Biochemistry Review 2026-2027: Online + Book / |
| Statement of responsibility, etc. |
Kaplan Test Prep |
| 260 ## - PUBLICATION, DISTRIBUTION, ETC. |
| Place of publication, distribution, etc. |
New York : |
| Name of publisher, distributor, etc. |
Kaplan Test Prep, |
| Date of publication, distribution, etc. |
2025. |
| 300 ## - PHYSICAL DESCRIPTION |
| Extent |
xxviii, 573 pages: |
| Other physical details |
illustrations (color) ; |
| Dimensions |
27.5 cm |
| 440 ## - SERIES STATEMENT/ADDED ENTRY--TITLE |
| Title |
MCAT Biochemistry Review 2026-2027: Online + Book / |
| International Standard Serial Number |
1506297382 |
| 9 (RLIN) |
134334 |
| 500 ## - GENERAL NOTE |
| General note |
Includes index. |
| 505 ## - FORMATTED CONTENTS NOTE |
| Formatted contents note |
1- Cover, 2- Title Page, 3- Copyright Page, 4- Table of Contents, 5- The Kaplan MCAT Review Team, 6- Getting Started Checklist, 7- Preface, 8- About the MCAT, 9- How This Book Was Created, 10- Using This Book, 11- Studying for the MCAT, 12- Chapter 1: Amino Acids, Peptides, and Proteins, 13- Chapter 2: Enzymes, 14- Chapter 3: Nonenzymatic Protein Function and Protein Analysis, 15- Chapter 4: Carbohydrate Structure and Function, 16- Chapter 5: Lipid Structure and Function, 17- Chapter 6: DNA and Biotechnology, 18- Chapter 7: RNA and the Genetic Code, 19- Chapter 8: Biological Membranes, 20- Chapter 9: Carbohydrate Metabolism I, 21- Chapter 10: Carbohydrate Metabolism II, 22- Chapter 11: Lipid and Amino Acid Metabolism, 23- Chapter 12: Bioenergetics and Regulation of Metabolism, 24- Glossary, 25- Index, 26- Art Credits. |
| 520 ## - SUMMARY, ETC. |
| Summary, etc. |
Kaplan's MCAT Biochemistry Review 2026-2027 offers an expert study plan, detailed subject review, and hundreds of online and in-book practice questions--all authored by the experts behind Kaplan's score-raising MCAT prep course. Prepping for the MCAT is a true challenge. Kaplan can be your partner along the way--offering guidance on where to focus your efforts and how to organize your review. This book has been updated to match the AAMC's guidelines precisely--no more worrying about whether your MCAT review is comprehensive! The Most Practice More than 350 questions in the book and access to even more online--more practice than any other MCAT biochemistry book on the market. The Best Practice Comprehensive biochemistry subject review is written by top-rated, award-winning Kaplan instructors. Full-color, 3-D illustrations, charts, graphs and diagrams help turn even the most complex science into easy-to-visualize concepts. All material is vetted by editors with advanced science degrees and by a medical doctor. Online resources, including a full-length practice test, help you practice in the same computer-based format you'll see on Test Day. Expert Guidance High-yield badges throughout the book identify the topics most frequently tested by the AAMC. We know the test: The Kaplan MCAT team has spent years studying every MCAT-related document available. Kaplan's expert psychometricians ensure our practice questions and study materials are true to the test.'Provided by Publishers., |
| 546 ## - LANGUAGE NOTE |
| Language note |
In English. |
| 650 ## - SUBJECT ADDED ENTRY--TOPICAL TERM |
| Topical term or geographic name entry element |
Biochemistry |
| Form subdivision |
Examinations, questions, |
| 9 (RLIN) |
134335 |
| 650 ## - SUBJECT ADDED ENTRY--TOPICAL TERM |
| Topical term or geographic name entry element |
Medical College Admission Test |
| Form subdivision |
Study guides. |
| 9 (RLIN) |
126729 |
| 650 ## - SUBJECT ADDED ENTRY--TOPICAL TERM |
| Topical term or geographic name entry element |
Biochemistry |
| Form subdivision |
Study guides. |
| 9 (RLIN) |
134336 |
| 700 ## - ADDED ENTRY--PERSONAL NAME |
| Personal name |
Kaplan Test Prep |
| 9 (RLIN) |
134332 |
| 942 ## - ADDED ENTRY ELEMENTS (KOHA) |
| Source of classification or shelving scheme |
|
| Koha item type |
Book |